| 000 | 01346nam a2200349 c 4500 | ||
|---|---|---|---|
| 003 | BLK | ||
| 005 | 20250725114520.0 | ||
| 008 | 180413b bul|||||r ||||||| ||bul|| | ||
| 010 | _aKNG00026316000 | ||
| 020 |
_a954-02-0212-4 _bиздат.: Наука и изкуство |
||
| 020 |
_a978-954-02-0212-9 _bиздат.: Наука и изкуство |
||
| 040 | _aBLK | ||
| 041 |
_aROM _cDRU _hBUL |
||
| 080 |
_aРумънски език. Арумънски език _b811.133.2 _x-5 _z811.133.2-5 |
||
| 100 | 1 |
_aСтоянова, Даниела Николаева _eпърви автор _9267305 |
|
| 139 |
_aСтоянова, Даниела Николаева _bС 83 |
||
| 245 | 1 | 0 |
_aРумънска граматика _cДаниела Николаева Стоянова. |
| 257 | _aBGR | ||
| 260 |
_аСофия _bНаука и изкуство _c1998 |
||
| 300 |
_a231 с. _c20 см |
||
| 380 | _a80 | ||
| 500 | _aДоп. тир. 2005, 2008. | ||
| 650 | 4 |
_aРумънски език - граматика _9267306 |
|
| 653 | _aграматика | ||
| 653 | _aрумънски език | ||
| 852 | _aЦб 199476 | ||
| 856 | 4 |
_qpdf _u |
|
| 856 | 4 |
_qpdf _u |
|
| 942 |
_cKNG _n0 _014 |
||
| 944 |
_aCR _c15.01.2003 _lТеодора Пейчева-Дянкова _k30556 |
||
| 944 |
_aED _c29.09.2017 _lф / _kЛюдмила_Стоянова |
||
| 999 |
_c23830 _d23830 |
||